000 00381nam a22001577a 4500
003 SGT
020 _a9788174468703
082 _a658.81 GUP
100 _aGUPTA,S.L
245 _aSALES AND DISTRIBUTION MANAGEMENT: TEXT AND CASES
250 _a2ND
260 _aNEW DELHI
_bEXCEL BOOKS
_c2013
300 _a814
650 _aSALES AND DISTRIBUTION MANAGEMENT
942 _2ddc
_cFCM
999 _c10637
_d10637